The philosophy of economics (Registro nro. 4557)
[ vista simple ]
| 000 -LEADER | |
|---|---|
| fixed length control field | 02728 a2200241 4500 |
| 001 - CONTROL NUMBER | |
| control field | 48118 |
| 005 - DATE AND TIME OF LATEST TRANSACTION | |
| control field | 20260407155747.0 |
| 008 - FIXED-LENGTH DATA ELEMENTS--GENERAL INFORMATION | |
| fixed length control field | 260407a2008 arg spa d |
| 003 - CONTROL NUMBER IDENTIFIER | |
| control field | AR-UNSa-BCEJYS |
| 040 ## - CATALOGING SOURCE | |
| Original cataloging agency | AR-UNSa-BCEJYS |
| Language of cataloging | spa |
| Transcribing agency | AR-UNSa-BCEJYS |
| 080 ## - UNIVERSAL DECIMAL CLASSIFICATION NUMBER | |
| Universal Decimal Classification number | 330 |
| Common auxiliary subdivision | Economía en general |
| 020 ## - INTERNATIONAL STANDARD BOOK NUMBER | |
| International Standard Book Number | 978-0-521-70984-2 |
| 041 ## - LANGUAGE CODE | |
| Language code of text/sound track or separate title | spa |
| 100 1# - MAIN ENTRY--PERSONAL NAME | |
| Personal name | Hausman, Daniel M. |
| 245 10 - TITLE STATEMENT | |
| Title | The philosophy of economics |
| Name of part/section of a work | an anthology |
| 250 ## - EDITION STATEMENT | |
| Edition statement | 3a. ed. |
| 264 #1 - PRODUCTION, PUBLICATION, DISTRIBUTION, MANUFACTURE, AND COPYRIGHT NOTICE | |
| Place of production, publication, distribution, manufacture | New York : |
| Name of producer, publisher, distributor, manufacturer | Cambridge University Press |
| Date of production, publication, distribution, manufacture, or copyright notice | 2008 |
| 300 ## - PHYSICAL DESCRIPTION | |
| Extent | vii, 527 p. |
| Dimensions | 23 cm. |
| 505 ## - FORMATTED CONTENTS NOTE | |
| Formatted contents note | PART ONE: Classic Discussions: 1. On the Definition and Method of Political Economy / John Stuart Mill - 2. Objectivity and Understanding in Economics / Max Weber - 3. The Nature and Significance of Economic Science / Lionel Robbins - 4. Economics and Human Action / Frank Knight - 5. Selected Texts on Economics, History, and Social Science / Karl Marx - 6. The Limitations of Marginal Utility / Thorstein Veblen - PART TWO: Positivist and Popperian Views: 7. The Methodology of Positive Economics / Milton Friedman - 8. Testability and Approximation / Herbert Simon - 9. Why Look Under the Hood? / Daniel M. Hausman - 10. Popper and Lakatos in Economic Methodology / D. Wade Hands - PART THREE: Ideology and Normative Economics: 11. Science and Ideology / Joseph Schumpeter - 12. Welfare Propositions of Economics and Interpersonal Comparisons of Utility - / Nicholas Kaldor - 13. The Philosophical Foundations of Mainstream Normative Economics / Daniel M. Hausman and Michael S. McPherson - 14. Why Is Cost-Benefit Analysis So Controversial? / Robert H. Frank - 15. Capability and Well-Being / Amartya Sen - PART FOUR: Branches and Schools of Economics and Their Methodological Problems: 16. Econometrics as Observation: The Lucas Critique and the Nature of Econometric Inference / Kevin D. Hoover - 17. Does Macroeconomics Need Microfoundations? / Kevin D. Hoover - 18. Economics in the Laboratory / Vernon Smith - 19. Neuroeconomics: Using Neuroscience to Make Economic Predictions / Colin F. Camerer - 20. The Market as a Creative Process / James M. Buchanan and Viktor J. Vanberg - 21. What Is the Essence of Institutional Economics? / Geoffrey M. Hodgson - PART FIVE: New Directions in Economic Methodology: 22. The Rhetoric of This Economics / Deirdre N. McCloskey - 23. Realism / Uskali Mäki - 24. What Has Realism Got to Do with It? / Tony Lawson - 25. Feminism and Economics / Julie A. Nelson - 26. Credible Worlds: The Status of Theoretical Models in Economics / Robert Sugden. |
| 590 ## - LOCAL NOTE (RLIN) | |
| Local note | niveau_biblio:m niveau_hierar:0 |
| 856 41 - ELECTRONIC LOCATION AND ACCESS | |
| Uniform Resource Identifier | <a href="https://www.biblioeco.unsa.edu.ar/pmb/images/libros/L127866.jpg">https://www.biblioeco.unsa.edu.ar/pmb/images/libros/L127866.jpg</a> |
| Link text | Imagen de portada |
| Electronic format type | image/jpeg |
| 942 ## - ADDED ENTRY ELEMENTS (KOHA) | |
| Koha item type | |
| Withdrawn status | Lost status | Damaged status | Not for loan | Home library | Current library | Shelving location | Date acquired | Total checkouts | Full call number | Barcode | Date last seen | Price effective from | Koha item type |
|---|---|---|---|---|---|---|---|---|---|---|---|---|---|
| Biblioteca Prof. Eusebio Cleto del Rey | Biblioteca Prof. Eusebio Cleto del Rey | 07/04/2026 | 330 H376 3ed. | L127866 | 07/04/2026 | 07/04/2026 | Libro |